Missing Word: Best Films of the '90s Quiz Stats

 Plays Quiz Updated Oct 12, 2012

Support Sporcle.
Go Orange.
Score 0/24 Timer 03:00
0 Plays Today
Movie Missing Word % Correct
Toy ____ 2Story
99.7%
____ FictionPulp
97.2%
The ____ Witch ProjectBlair
90.5%
Dazed and ____Confused
89.1%
Eyes ____ ShutWide
88.6%
Reservoir ____Dogs
87.7%
Boogie ____Nights
80.7%
____ ListSchindler's
73.9%
Being John ____Malkovich
71.1%
The Big ____Lebowski
70.7%
The Thin ____ LineRed
70.3%
____ ClubFight
66.1%
Movie Missing Word % Correct
L.A. ____Confidential
63.9%
Carlito's ____Way
62.3%
Starship ____Troopers
51.9%
____ FinkBarton
32.3%
Miller's ____Crossing
29.2%
____ DayGroundhog
16.5%
Out of ____Sight
14.1%
____ CutsShort
12.8%
____ CreaturesHeavenly
11%
____ DreamsHoop
8.4%
The Sweet ____Hereafter
7.8%
____ ExpressChungking
2.1%

Today's Daily Dose

Word Ladder
Math Aid

Get the Picture
Warrior Women

You're not logged in!

Compare scores with friends on all Sporcle quizzes.
OR
Log In
Forgot?

From the Vault

Beatles Songs by George and Ringo

by rockgolf

Music 6m
This quiz is for all those that feel that George and Ringo don't get enough love.
Remove Ads.
Support Sporcle.
Get the best of Sporcle when you Go Orange. This ad-free experience offers more features, more stats, and more fun while also helping to support Sporcle. Thank you for becoming a member.

Show Comments

Extras

Top Quizzes Today


Score Distribution

Your Account Isn't Verified!

In order to create a playlist on Sporcle, you need to verify the email address you used during registration. Go to your Sporcle Settings to finish the process.

Report this User

Report this user for behavior that violates our Community Guidelines.

Details: